The truth about profiting from social networking

Đã lưu trong:
书目详细资料
主要作者: Rutledge, Patrice-Anne
其他作者: Ngô, Lan Hương
格式: 图书
语言:Undetermined
出版: Lao động - Xã Hội 2012
主题:
在线阅读:http://lrc.tdmu.edu.vn/opac/search/detail.asp?aID=2&ID=18364
标签: 添加标签
没有标签, 成为第一个标记此记录!
Thư viện lưu trữ: Trung tâm Học liệu Trường Đại học Thủ Dầu Một
LEADER 01416nam a2200193Ia 4500
001 TDMU_18364
008 210410s9999 xx 000 0 und d
082 |a 381 
090 |b R522 
100 |a Rutledge, Patrice-Anne 
245 4 |a The truth about profiting from social networking 
260 |b Lao động - Xã Hội 
260 |c 2012 
300 |a 291 tr. 
520 |p Nguyên bản :  |t The truth about profiting from social networking; Những người làm kinh doanh thông minh sử dụng mạng xã hội để hỗ trợ việc marketing cũng như các chiến lược kinh doanh của mình. Nhưng sẽ thật khó nếu không hiểu rõ mạng xã hội lẫn những chuẩn mực cộng đồng trong đó. Nội dung cuốn sách mang đến những lời khuyên để điều khiển những dòng nước này, và còn đưa ra những ví dụ dễ hiểu và có thể áp dụng trong chính doanh nghiệp của bạn. 
650 |a Mạng xã hội trực tuyến  |x Khía cạnh kinh tế; Mạng xã hội  |x Nguồn mạng máy tính; Xã hội thông tin  |x Khía cạnh kinh tế 
700 |a Ngô, Lan Hương 
856 |u http://lrc.tdmu.edu.vn/opac/search/detail.asp?aID=2&ID=18364 
980 |a Trung tâm Học liệu Trường Đại học Thủ Dầu Một